00883nam a22002537a 450000500170000001000140001702000260003103500130005703700130007008200100008310000290009324500380012226000390016027000750019930000250027450000500029965000320034965000370038165000400041870000090045894200240046799900170049195201210050820100730145419.0 aENG-97475 a9788191052466c695.00 aEN-81008 bDBAD/PUB a158.7 aDatt, K. D. Brahma93859 aWork Psychology /cby Brahma Datt aNew DelhibAltar Pub. House c2010 aL-9 A, IInd Floor, Street No.42 Sadatpur Extension bNew Delhie110094 a231 p. c22 cm (Hb)  aIncludes bibliographical references and index aPsychology Industrial93860 aWork psychological aspects93861 aLiteraturIndustrial sociology93862 92660 2ddccENmDATh158.7 c38336d38336 001040718NFICaDBADbDBADd2010-07-30e695.00g695.00l0o158.7 DATpEN-81008r2010-07-30 00:00:00t1v695.00yEN